| 000 | 00494nam a2200217 a 4500 | ||
|---|---|---|---|
| 001 | nice12345678 | ||
| 003 | IN_TiNIC | ||
| 005 | 20260116014939.0 | ||
| 008 | 050524s1971 newa grp 000 0 eng | ||
| 020 |
_a _c0 |
||
| 082 | 0 | 0 |
_a150 _bCAM |
| 100 | _aCampbell, Joseph | ||
| 245 | _aPortable Jung | ||
| 260 |
_aNew York _bPenguin Books _c1971 |
||
| 300 | _a704p | ||
| 500 | _aincludes index and biblioraphy | ||
| 505 | 2 | _aAppendix | |
| 902 | _bSRS | ||
| 942 | _cBK | ||
| 999 |
_c17666 _d17666 |
||